Odborná praxe v prostředí vysokého školství /

Hlavní autor: Hrdličková, Andrea, 1961-
Korporativní autor: Masarykova univerzita. Právnická fakulta
Jazyk: Čeština
Vydáno: Brno : Masarykova univerzita, 2013
Vydání: 1. vyd.
Edice: Spisy Právnické fakulty Masarykovy univerzity ; sv. 452 = Acta Universitatis Brunensis Iuridica ; no. 452. Řada teoretická
Témata:
Fyzický popis: 119 s. ; 21 cm
Knihy
Uloženo v:
LEADER 02080nam a2200517 a 4500
001 nkc20142539559
003 CZ PrNK
005 20140227115715.0
007 ta
008 140114s2013 xr e f 000 0 cze
015 |a cnb002539559 
020 |a 978-80-210-6448-5  |q (brož.) 
035 |a (OCoLC)870290089 
040 |a OLA001  |b cze 
072 7 |a 378  |x Vysoké školy  |2 Konspekt  |9 22 
080 |a 378.011.3-052  |2 MRF 
080 |a 377.35  |2 MRF 
080 |a 331.101.3  |2 MRF 
080 |a 331.106  |2 MRF 
080 |a (072)  |2 MRF 
100 1 |a Hrdličková, Andrea,  |d 1961-  |7 mzk2007385812  |4 aut 
245 1 0 |a Odborná praxe v prostředí vysokého školství /  |c Andrea Hrdličková 
250 |a 1. vyd. 
260 |a Brno :  |b Masarykova univerzita,  |c 2013 
300 |a 119 s. ;  |c 21 cm 
490 1 |a Spisy Právnické fakulty Masarykovy univerzity ; sv. 452 =  |a Acta Universitatis Brunensis Iuridica ; no. 452. Řada teoretická 
500 |a Na obálce nad názvem: Masarykova univerzita, Právnická fakulta 
504 |a Obsahuje bibliografii, bibliografické odkazy a přehled souvisejících právních norem 
650 0 7 |a vysokoškolští studenti  |7 ph127281  |2 czenas 
650 0 7 |a odborné praxe  |7 ph388322  |2 czenas 
650 0 7 |a pracovní návyky  |7 ph472872  |2 czenas 
650 0 7 |a pracovněprávní vztahy  |7 ph124524  |2 czenas 
650 0 9 |a college students  |2 eczenas 
650 0 9 |a vocational practice  |2 eczenas 
650 0 9 |a work habits  |2 eczenas 
650 0 9 |a labor-law relations  |2 eczenas 
655 7 |a příručky  |7 fd133209  |2 czenas 
655 9 |a handbooks and manuals  |2 eczenas 
710 2 |a Masarykova univerzita.  |b Právnická fakulta  |7 kn20010709280 
810 2 |a Masarykova univerzita.  |b Právnická fakulta.  |t Spisy.  |p Řada teoretická  |0 s 
910 2 |a BOA001  |b 2-1317.982 
990 |a BK 
995 |a 01 
991 |b 201402  |c NOV  |e n 
996 6 |b 2610577391  |c 2-1317.982  |l MZK  |r Sklad / do 1 hodiny  |n 0  |p p.v.  |w 001395327  |u 000010  |a 1  |e BOA001  |j MZK50  |s P 
996 7 |b 2610577392  |c 2-1317.982  |l MZK  |r Sklad / do 1 hodiny  |n 0  |p p.v.  |w 001395327  |u 000020  |a 1  |e BOA001  |j MZK50  |s A